000 01848nam0a22003611 4500
001 v19\rc\1734711
005 20260407064036.0
035 _a(NLR Aleph) 004844795
090 _a4860046
_c4860046
100 _a20061002d1901 |||y0rusy50 ca
101 0 _arus
102 _aRU
105 _ay z |||||
200 1 _aОпись памятникам и предметам во временном помещении Суворовского музея, при Николаевской академии Генерального штаба
_fСост. С.Д. Масловский
_gПод ред. проф. А.З. Мышлаевского и Б.М. Колюбакина
_g[Предисл.: Н. Сухотин]
210 _aСанкт-Петербург
_cСуворов. комис.
_d1901
215 _a68 с.
_d25
300 _aС.Д. Мстиславский - псевд. С.Д. Масловского
702 1 _4220
_8rus
_7ca
_aМстиславский
_bС. Д.
_f1876-1943
_gСергей Дмитриевич
_3RU\NLR\AUTH\7784502
_967430
702 1 _aМышлаевский
_bА.З.
_f1856-1920
_gАлександр Захарьевич
_4340
702 1 _4340
_8rus
_7ca
_aКолюбакин
_bБ. М.
_f1853-1924
_gБорис Михайлович
_3RU\NLR\AUTH\7787370
_970298
702 1 _4080
_8rus
_7ca
_aСухотин
_bН. Н.
_f1847-1918
_gНиколай Николаевич
_3RU\NLR\AUTH\7792825
_975751
710 0 2 _aСуворовский музей
_cПетербург
_3RU\NLR\AUTH\8810031411
_9561447
790 1 _9z01702
_aМасловский
_bС.Д.
_f1876-1943
801 0 _aRU
_bNLR
_gpsbo
801 0 _aRU
_bRuMoRGB
_2psbo
801 1 _aRU
_bProSoft-M
_2rusmarc
852 _aNLR
_j18.334.2.24(1-2)
899 _aRuMoRGB
_jT 30/139
899 _aRuMoRGB
_jΔм 900/2398
899 _aБАН
942 _cBOOK
980 _aNB